Opening the Qur'an : (Record no. 22408)

MARC details
000 -LEADER
fixed length control field 00473cam a2200157 a 4500
020 ## - INTERNATIONAL STANDARD BOOK NUMBER
ISBN 9780268044152 (cloth : alk. paper)
020 ## - INTERNATIONAL STANDARD BOOK NUMBER
ISBN 0268044155 (cloth : alk. paper)
082 00 - DEWEY DECIMAL CLASSIFICATION NUMBER
Classification number 297.12261
Author Cutter WAG
100 1# - MAIN ENTRY--AUTHOR NAME
Author name Wagner, Walter H.,
245 10 - TITLE STATEMENT
Title Opening the Qur'an :
260 ## - PUBLICATION, DISTRIBUTION, ETC. (IMPRINT)
Place of publication Notre Dame, Ind. :
Name of publisher University of Notre Dame Press,
Year of publication c2008.
300 ## - PHYSICAL DESCRIPTION
Number of Pages xix, 547 p. ;
856 41 - ELECTRONIC LOCATION AND ACCESS
Uniform Resource Identifier http://www.loc.gov/catdir/toc/ecip0821/2008027221.html
942 ## - ADDED ENTRY ELEMENTS (KOHA)
Koha item type Books
Holdings
Home library Current library Shelving location Date acquired Full call number Accession Number Koha item type
Henry Martyn Institute Library Henry Martyn Institute Library Reference 10/29/2018 297.12261 WAG 11003788 Books
                   Copyright © 2026 | Henry Martyn Institute | Hyderabad | TS-500052 | INDIA | Implemented by hmi.edu.in
Hit-Count:

Powered by Koha